000 00677nam a2200181 a 4500
008 110929s1980 ||||||||||||||||| || u
020 _a0815158637
050 _aRD 731 Mer
100 _aMercier, Lonnie R
245 1 0 _aPractical orthopedics
_cBy Lonnie R. Mercier and Fred J. Pettid
260 _aChicago:
_bYear Book Medical publishers, Inc
_c1980
300 _axiii, 299p. ill.
350 _a0.00
650 _aORTHOPAEDICS
650 _aORTHOPEDIA
700 _aPettid, Fred J
995 _aMEDICAL LIBRARY OPEN ACCESS
_D0.00
_e901207
_FCBU-SCHOOL OF MEDICINE LIBRARY (Ndola)
_H1
_I0.00
_jRD 731 MER
_M1
_UAVAILABLE
_WSep 29, 2011
_y901207
_ZMedical Library Open Access Collection
999 _c32437
_d32437